<?xml version="1.0" encoding="UTF-8"?>
<collection xmlns="http://www.loc.gov/MARC21/slim">
 <record>
  <leader>01429nam a2200469   4500</leader>
  <controlfield tag="001">DLU140162497</controlfield>
  <controlfield tag="005">##20140723</controlfield>
  <controlfield tag="008">##120927s2012    gw a     b    001 0 eng d</controlfield>
  <datafield tag="010" ind1="#" ind2="#">
   <subfield code="a">  2012471515</subfield>
  </datafield>
  <datafield tag="015" ind1="#" ind2="#">
   <subfield code="a">GBB1C4764</subfield>
   <subfield code="2">bnb</subfield>
  </datafield>
  <datafield tag="016" ind1="#" ind2="#">
   <subfield code="a">015956484</subfield>
   <subfield code="2">Uk</subfield>
  </datafield>
  <datafield tag="020" ind1="#" ind2="#">
   <subfield code="a">3527327576 (set : hbk.)</subfield>
  </datafield>
  <datafield tag="020" ind1="#" ind2="#">
   <subfield code="a">9783527327577 (set : hbk.)</subfield>
  </datafield>
  <datafield tag="020" ind1="#" ind2="#">
   <subfield code="z">9783527644070 (obk.)</subfield>
  </datafield>
  <datafield tag="020" ind1="#" ind2="#">
   <subfield code="z">9783527644087 (ePub)</subfield>
  </datafield>
  <datafield tag="020" ind1="#" ind2="#">
   <subfield code="z">9783527644094 (ePDF)</subfield>
  </datafield>
  <datafield tag="020" ind1="#" ind2="#">
   <subfield code="z">9783527644100 (Mobi)</subfield>
  </datafield>
  <datafield tag="035" ind1="#" ind2="#">
   <subfield code="a">(OCoLC)ocn758984616</subfield>
  </datafield>
  <datafield tag="040" ind1="#" ind2="#">
   <subfield code="a">UKMGB</subfield>
   <subfield code="b">eng</subfield>
   <subfield code="c">UKMGB</subfield>
   <subfield code="d">BDX</subfield>
   <subfield code="d">YDXCP</subfield>
   <subfield code="d">OHX</subfield>
   <subfield code="d">KLG</subfield>
   <subfield code="d">BTCTA</subfield>
   <subfield code="d">WCM</subfield>
   <subfield code="d">CDX</subfield>
   <subfield code="d">CAI</subfield>
   <subfield code="d">DLC</subfield>
  </datafield>
  <datafield tag="042" ind1="#" ind2="#">
   <subfield code="a">lccopycat</subfield>
  </datafield>
  <datafield tag="050" ind1="#" ind2="#">
   <subfield code="a">QD381</subfield>
   <subfield code="b">.S89 2012</subfield>
  </datafield>
  <datafield tag="082" ind1="#" ind2="#">
   <subfield code="a">547.7</subfield>
   <subfield code="b">Syn</subfield>
  </datafield>
  <datafield tag="245" ind1="#" ind2="#">
   <subfield code="a">Synthesis of polymers :</subfield>
   <subfield code="b">new structures and methods.</subfield>
   <subfield code="n">vol.II /</subfield>
   <subfield code="c">edited by A. Dieter Schlüter, Craig J. Hawker, and Junji Sakamoto.</subfield>
  </datafield>
  <datafield tag="260" ind1="#" ind2="#">
   <subfield code="a">Weinheim :</subfield>
   <subfield code="b">Wiley-VCH,</subfield>
   <subfield code="c">c2012.</subfield>
  </datafield>
  <datafield tag="300" ind1="#" ind2="#">
   <subfield code="a">2 v. (xxiii, 1177 p.) :</subfield>
   <subfield code="b">ill. (some col.) ;</subfield>
   <subfield code="c">25 cm.</subfield>
  </datafield>
  <datafield tag="504" ind1="#" ind2="#">
   <subfield code="a">Includes bibliographical references and index.</subfield>
  </datafield>
  <datafield tag="650" ind1="#" ind2="#">
   <subfield code="a">Polymerization.</subfield>
  </datafield>
  <datafield tag="650" ind1="#" ind2="#">
   <subfield code="a">Polymers.</subfield>
  </datafield>
  <datafield tag="700" ind1="#" ind2="#">
   <subfield code="a">Hawker, Craig J.</subfield>
  </datafield>
  <datafield tag="700" ind1="#" ind2="#">
   <subfield code="a">Sakamoto, Junji.</subfield>
  </datafield>
  <datafield tag="700" ind1="#" ind2="#">
   <subfield code="a">Schlüter, A.-Dieter.</subfield>
  </datafield>
  <datafield tag="923" ind1="#" ind2="#">
   <subfield code="a">01/2014</subfield>
  </datafield>
  <datafield tag="990" ind1="#" ind2="#">
   <subfield code="a">vol.II</subfield>
  </datafield>
  <datafield tag="992" ind1="#" ind2="#">
   <subfield code="a">4564726</subfield>
  </datafield>
  <datafield tag="994" ind1="#" ind2="#">
   <subfield code="a">DLU</subfield>
  </datafield>
  <datafield tag="900" ind1="#" ind2="#">
   <subfield code="a">True</subfield>
  </datafield>
  <datafield tag="911" ind1="#" ind2="#">
   <subfield code="a">Đào Thị Thu Huyền</subfield>
  </datafield>
  <datafield tag="925" ind1="#" ind2="#">
   <subfield code="a">G</subfield>
  </datafield>
  <datafield tag="926" ind1="#" ind2="#">
   <subfield code="a">A</subfield>
  </datafield>
  <datafield tag="927" ind1="#" ind2="#">
   <subfield code="a">SH</subfield>
  </datafield>
  <datafield tag="980" ind1="#" ind2="#">
   <subfield code="a">Thư viện Trường Đại học Đà Lạt</subfield>
  </datafield>
 </record>
</collection>
